[Event "TCh-CHN 2015"]
[Site "China CHN"]
[Date "2015.10.28"]
[Round "16.1"]
[Board "5"]
[White "Xu, Huahua"]
[Black "Zhou, Guijue"]
[Result "1/2-1/2"]
[WhiteTitle "WIM"]
[BlackTitle "WIM"]
[WhiteElo "2105"]
[BlackElo "2175"]
[WhiteTeam "Shandong"]
[BlackTeam "Qingdao"]
[WhiteFideId "8604096"]
[BlackFideId "8602905"]
[EventDate "2015.04.10"]

1. e4 d6 2. d4 g6 3. Nc3 Bg7 4. Nf3 a6 5. a4 b6 6. Bc4 e6 7. O-O Ne7 8. Re1 O-O
9. Bf4 h6 10. Qd2 g5 11. Be3 Ng6 12. h3 Bb7 13. d5 e5 14. Bd3 Nd7 15. Ne2 f6 16.
Ng3 Rf7 17. b4 a5 18. bxa5 Rxa5 19. Qb4 Ne7 20. c4 Nc5 21. Bc2 Bc8 22. Nf5 Bxf5
23. exf5 Qd7 24. g4 Rf8 25. Nd2 Rfa8 26. Bxc5 dxc5 27. Qc3 c6 28. Bb3 Nc8 29.
Ne4 cxd5 30. cxd5 Nd6 31. Nxd6 Qxd6 32. Rab1 Bf8 33. Qd3 Be7 34. Bc2 Kg7 35. Kg2
Rd8 36. Red1 Rh8 37. Qb3 Bd8 38. Be4 Bc7 39. Rh1 Rha8 40. h4 Rxa4 41. f3 Ra2+
42. Kg3 R8a5 43. hxg5 fxg5 44. Qc4 Rd2 45. Rh2 Rxh2 46. Kxh2 Ra8 47. Kg2 Rh8 48.
Qb5 1/2-1/2

[Event "TCh-CHN 2015"]
[Site "China CHN"]
[Date "2015.10.28"]
[Round "16.2"]
[Board "2"]
[White "Gao, Rui"]
[Black "Zhou, Jianchao"]
[Result "1-0"]
[WhiteTitle "GM"]
[BlackTitle "GM"]
[WhiteElo "2533"]
[BlackElo "2578"]
[WhiteTeam "Hangzhou"]
[BlackTeam "Shanghai"]
[WhiteFideId "8602387"]
[BlackFideId "8603537"]
[EventDate "2015.04.10"]

1. e4 c5 2. Nf3 e6 3. d4 cxd4 4. Nxd4 a6 5. Nc3 Qc7 6. Bd3 Nf6 7. f4 d6 8. O-O
b5 9. Qe2 Nbd7 10. Kh1 Bb7 11. Bd2 Be7 12. b4 O-O 13. a4 bxa4 14. Rxa4 Nb6 15.
Raa1 Rfc8 16. e5 Nfd5 17. Nxd5 Bxd5 18. f5 dxe5 19. fxe6 Rf8 20. Bxh7+ Kxh7 21.
Qh5+ Kg8 22. Rxf7 exd4 23. Bh6 Bg5 24. Rxc7 Bxh6 25. e7 Rfb8 26. Rf1 Re8 27. Qg6
Nc4 28. Rf5 Bxg2+ 29. Qxg2 Ne3 30. Qe4 Nxf5 31. Qxf5 Be3 32. Qd5+ Kh7 33. Rd7 1-0

[Event "TCh-CHN 2015"]
[Site "China CHN"]
[Date "2015.10.28"]
[Round "16.2"]
[Board "3"]
[White "Lysyj, Igor"]
[Black "Xu, Yi"]
[Result "1-0"]
[WhiteTitle "GM"]
[BlackTitle "FM"]
[WhiteElo "2691"]
[BlackElo "2356"]
[WhiteTeam "Hangzhou"]
[BlackTeam "Shanghai"]
[WhiteFideId "4150120"]
[BlackFideId "8605564"]
[EventDate "2015.04.10"]

1. Nf3 Nf6 2. e3 e6 3. b3 b6 4. Bb2 Bb7 5. c4 Be7 6. g3 d5 7. Bg2 O-O 8. O-O c5
9. Nc3 Nc6 10. cxd5 exd5 11. d4 Re8 12. Rc1 cxd4 13. Nxd4 Ne5 14. Qe2 Bc5 15.
Rfd1 Qe7 16. Na4 Bb4 17. Nf5 Qe6 18. Bh3 Kf8 19. Rc7 Rab8 20. f4 Ng6 21. Nh6
Qxe3+ 22. Qxe3 Rxe3 23. Rxf7+ Ke8 24. Rxg7 Bf8 25. Bxf6 Bxg7 26. Bxg7 Nxf4 27.
Bf1 Nh5 28. Bb5+ Kd8 29. Bd4 Re6 30. Nf7+ Ke7 31. Ng5 Rg6 32. Re1+ Kf8 33. Nxh7+
Kf7 34. Bd3 Rg4 35. Be5 Re8 36. Rf1+ Kg8 37. Rf5 Kxh7 38. Rxh5+ Kg8 39. Bf5 1-0

[Event "TCh-CHN 2015"]
[Site "China CHN"]
[Date "2015.10.28"]
[Round "16.2"]
[Board "5"]
[White "Zhang, Xiaowen"]
[Black "Girya, Olga"]
[Result "1/2-1/2"]
[WhiteTitle "WGM"]
[BlackTitle "WGM"]
[WhiteElo "2349"]
[BlackElo "2464"]
[WhiteTeam "Shanghai"]
[BlackTeam "Hangzhou"]
[WhiteFideId "8603219"]
[BlackFideId "4195752"]
[EventDate "2015.04.10"]

1. e4 e5 2. Nf3 Nc6 3. Bb5 a6 4. Ba4 Nf6 5. O-O Be7 6. Re1 b5 7. Bb3 d6 8. c3
O-O 9. h3 Na5 10. Bc2 c5 11. d4 Nd7 12. d5 Nb6 13. b3 f5 14. Nbd2 f4 15. Bd3 Bd7
16. Be2 c4 17. Ba3 cxb3 18. axb3 Nb7 19. c4 Re8 20. Ra2 Qb8 21. Qa1 bxc4 22.
Nxc4 Nxc4 23. bxc4 Qa7 24. Rb1 a5 25. Rab2 Nc5 26. Rb6 Qc7 27. Nd2 a4 28. Bg4
Bxg4 29. Rc6 Qd7 30. hxg4 Ne6 31. Nf3 Nd8 32. Rcb6 Nf7 33. Nh2 Rec8 34. Qc3 Ng5
35. Qd3 Ra7 36. Nf3 Nf7 37. Nh2 Bd8 38. R6b5 Rac7 39. R5b4 Rc5 40. Rb7 R5c7 41.
R7b4 Ng5 42. f3 Nf7 43. Qc2 Ra7 44. Nf1 Bh4 45. Rb5 Qd8 46. R1b4 Bg3 47. Rxa4
Rxa4 48. Qxa4 Qh4 49. Qa7 Be1 50. Rb7 Bc3 51. Bb2 Bxb2 52. Rxb2 Qd8 53. Qb6 h5
54. Qxd8+ Nxd8 55. gxh5 Kh7 56. Nd2 Ra8 57. Kh2 Nf7 58. Kh3 Ra1 59. Kh2 Kh6 60.
Nb3 Rd1 61. c5 dxc5 62. Nxc5 Kxh5 63. Ne6 g5 64. Ng7+ Kg6 65. Nf5 g4 66. fxg4
Ng5 67. Rb6+ Kf7 68. Rb7+ Kf6 69. Rb6+ Kf7 70. Nd6+ Kg7 71. Rb7+ Kg6 72. Rb6 Kg7
73. Nf5+ 1/2-1/2

[Event "TCh-CHN 2015"]
[Site "China CHN"]
[Date "2015.10.28"]
[Round "16.3"]
[White "Lan, Zilun"]
[Black "Wang, Yiye"]
[Result "0-1"]
[BlackTitle "IM"]
[WhiteElo "2180"]
[BlackElo "2433"]
[WhiteTeam "Zhejiang"]
[BlackTeam "Beijing"]
[WhiteFideId "8604193"]
[BlackFideId "8606021"]
[EventDate "2015.04.10"]

1. d4 Nf6 2. c4 e6 3. Nf3 b6 4. g3 Bb4+ 5. Bd2 a5 6. Bg2 O-O 7. Ne5 d5 8. O-O
Ba6 9. Nc3 c6 10. cxd5 cxd5 11. Rc1 Nfd7 12. Nf3 b5 13. Bf4 Qb6 14. Qd3 Be7 15.
Qe3 Re8 16. h4 b4 17. Nb1 Nc6 18. Bh3 Rac8 19. h5 Bf6 20. Rcd1 a4 21. Rfe1 Na5
22. b3 Rc2 23. g4 Rxa2 24. g5 Bd8 25. g6 hxg6 26. hxg6 f6 27. Nh4 Nf8 28. Kg2
Rb2 29. Qf3 f5 30. Qh5 Bxh4 31. Bg4 fxg4 32. Rh1 e5 0-1

[Event "TCh-CHN 2015"]
[Site "China CHN"]
[Date "2015.10.28"]
[Round "16.3"]
[Board "4"]
[White "Wang, Jue"]
[Black "Ding, Yixin"]
[Result "1-0"]
[WhiteTitle "WGM"]
[BlackTitle "WGM"]
[WhiteElo "2365"]
[BlackElo "2434"]
[WhiteTeam "Beijing"]
[BlackTeam "Zhejiang"]
[WhiteFideId "8604070"]
[BlackFideId "8602972"]
[EventDate "2015.04.10"]

1. e4 c5 2. Nf3 d6 3. d4 cxd4 4. Nxd4 Nf6 5. Nc3 a6 6. Be3 e5 7. Nb3 Be7 8. f3
O-O 9. Qd2 a5 10. Bb5 Bd7 11. Bxd7 Nbxd7 12. a4 Nb6 13. Bxb6 Qxb6 14. O-O-O Qb4
15. Qd3 Rfc8 16. Kb1 Rc4 17. g4 Bf8 18. h4 Rac8 19. g5 Nd7 20. h5 Rxc3 21. bxc3
Qa3 22. Qb5 Rc6 23. Qxa5 Rb6 24. Qd5 Qxa4 25. g6 Kh8 26. h6 hxg6 27. hxg7+ Kxg7
28. Rh7+ Kxh7 29. Qxf7+ Kh6 30. Rh1+ 1-0

[Event "TCh-CHN 2015"]
[Site "China CHN"]
[Date "2015.10.28"]
[Round "16.4"]
[Board "1"]
[White "Lin, Chen"]
[Black "Zhou, Weiqi"]
[Result "1/2-1/2"]
[WhiteTitle "IM"]
[BlackTitle "GM"]
[WhiteElo "2448"]
[BlackElo "2627"]
[WhiteTeam "Jiangsu"]
[BlackTeam "Chongqing"]
[WhiteFideId "8602298"]
[BlackFideId "8601674"]
[EventDate "2015.04.10"]

1. e4 e5 2. Nf3 Nc6 3. Nc3 Nf6 4. d4 exd4 5. Nxd4 Bb4 6. Nxc6 bxc6 7. Bd3 O-O 8.
O-O Re8 9. Bg5 h6 10. Bh4 d5 11. exd5 g5 12. Bg3 cxd5 13. Nb5 Ba5 14. b4 Bb6 15.
c4 dxc4 16. Bxc4 Be6 17. Rc1 Bxc4 18. Rxc4 Qd5 19. Qxd5 Nxd5 20. h4 a5 21. Rd1
Nxb4 22. a3 Na6 23. hxg5 hxg5 24. Nxc7 Nxc7 25. Bxc7 Rac8 26. Rdc1 Rxc7 27. Rxc7
Bxc7 28. Rxc7 Re5 29. Ra7 Kg7 30. g3 Kg6 31. Kg2 1/2-1/2

[Event "TCh-CHN 2015"]
[Site "China CHN"]
[Date "2015.10.28"]
[Round "16.4"]
[Board "2"]
[White "Yu, Ruiyuan"]
[Black "Wang, Chen"]
[Result "1/2-1/2"]
[WhiteTitle "GM"]
[BlackTitle "IM"]
[WhiteElo "2571"]
[BlackElo "2500"]
[WhiteTeam "Jiangsu"]
[BlackTeam "Chongqing"]
[WhiteFideId "8603090"]
[BlackFideId "8601020"]
[EventDate "2015.04.10"]

1. e4 c5 2. Nf3 e6 3. d4 cxd4 4. Nxd4 Nc6 5. Nc3 Qc7 6. Be2 a6 7. O-O Nf6 8. Be3
Bb4 9. Na4 O-O 10. Nxc6 bxc6 11. Nb6 Rb8 12. Nxc8 Rfxc8 13. Bxa6 Rd8 14. Bd3 Bd6
15. g3 Rxb2 16. a4 Ra8 17. Bd4 Rbb8 18. Bxf6 gxf6 19. Qg4+ Kf8 20. Qh4 Be5 21.
Rab1 Rxb1 22. Rxb1 Kg7 23. Qg4+ Kf8 24. Qh5 Kg7 25. f4 Bd4+ 26. Kg2 h6 27. e5
fxe5 28. f5 Qd8 29. fxe6 dxe6 30. Qg4+ Kf8 31. Qf3 Ra7 32. a5 e4 33. Qxe4 Rxa5
34. Qxc6 Qa8 35. Qxa8+ Rxa8 36. Rb7 Kg7 37. Kf3 Ra7 38. Rc7 1/2-1/2

[Event "TCh-CHN 2015"]
[Site "China CHN"]
[Date "2015.10.28"]
[Round "16.4"]
[Board "4"]
[White "Huang, Qian"]
[Black "Guo, Qi"]
[Result "1/2-1/2"]
[WhiteTitle "WGM"]
[BlackTitle "IM"]
[WhiteElo "2473"]
[BlackElo "2443"]
[WhiteTeam "Chongqing"]
[BlackTeam "Jiangsu"]
[WhiteFideId "8602689"]
[BlackFideId "8604002"]
[EventDate "2015.04.10"]

1. d4 d5 2. c4 e6 3. Nc3 Be7 4. Nf3 Nf6 5. Bg5 h6 6. Bxf6 Bxf6 7. e3 O-O 8. Qb3
dxc4 9. Bxc4 Nd7 10. O-O c5 11. d5 exd5 12. Bxd5 Nb6 13. e4 Bg4 14. Nd2 Qc7 15.
h3 Bd7 16. Nf3 c4 17. Qc2 Rad8 18. Rfe1 Rfe8 19. Rac1 Bxc3 20. Qxc3 Bc6 21. Bxc6
Qxc6 22. Ne5 Qb5 23. Nxc4 Nxc4 24. Qxc4 Qxb2 25. Rc2 Qd4 26. Qxd4 Rxd4 27. Rb1
b6 28. f3 Red8 29. Rbb2 Kf8 30. Kf1 Ke7 1/2-1/2

[Event "TCh-CHN 2015"]
[Site "China CHN"]
[Date "2015.10.28"]
[Round "16.5"]
[Board "1"]
[White "Zeng, Chongsheng"]
[Black "Zhang, Pengxiang"]
[Result "1-0"]
[WhiteTitle "GM"]
[BlackTitle "GM"]
[WhiteElo "2541"]
[BlackElo "2570"]
[WhiteTeam "Guangdong"]
[BlackTeam "Heibei"]
[WhiteFideId "8603847"]
[BlackFideId "8600970"]
[EventDate "2015.04.10"]

1. e4 c5 2. Nf3 Nc6 3. Bb5 e6 4. Bxc6 bxc6 5. d3 Ne7 6. Qe2 f6 7. g4 Ng6 8. h4
Qc7 9. h5 Nf4 10. Bxf4 Qxf4 11. Nbd2 Be7 12. O-O-O d5 13. Nh4 Rb8 14. Qe3 Qe5
15. Nb3 c4 16. Nf3 Qc7 17. dxc4 dxc4 18. Nbd2 Qa5 19. Nxc4 Qxa2 20. b3 e5 21.
Nfd2 Be6 22. Qc3 O-O 23. Qa5 Qxa5 24. Nxa5 Bxg4 25. f3 Bd7 26. Ndc4 Rfd8 27. h6
Be8 28. hxg7 Rxd1+ 29. Rxd1 Bb4 30. Kb2 Kxg7 31. c3 Bxa5 32. Nxa5 h5 33. c4 Kh6
34. Kc3 c5 35. Rd6 Kg5 36. Kd3 h4 37. Ke3 Bh5 38. Kf2 Rb6 39. Rd8 Ra6 40. Nb7
Ra2+ 41. Ke3 h3 42. Rg8+ Bg6 43. Nxc5 Kh6 44. Ne6 Rg2 45. Rh8+ Bh7 46. Nf8 Kg7
47. Rxh7+ Kxf8 48. Rxh3 Rb2 49. Rh8+ Ke7 50. Rb8 Kd6 51. f4 Kc7 52. Rb4 a6 53.
f5 Kc6 54. Kd3 Rb1 55. Rb8 Kc7 56. Kc2 Re1 57. Rf8 Rxe4 58. Rf7+ Kb6 59. Rxf6+
Kb7 60. Re6 Re3 61. Kb2 e4 62. Ka3 Rf3 63. f6 e3 64. Kb4 e2 65. Re7+ Kb6 66. c5+
Kc6 67. Re6+ Kd5 68. Rxe2 Rxf6 69. Rc2 Kc6 70. Rc4 Rf5 71. Rc3 Rd5 72. Rc2 Rg5
73. Rc1 Rh5 74. Rc4 Rg5 75. Rc2 Rh5 76. Rc1 Rg5 77. Rh1 a5+ 78. Kxa5 Rxc5+ 79.
Ka6 Rc2 80. Ra1 Kc5 81. Ra4 Rb2 82. Rc4+ Kd5 83. Rb4 Kc5 84. Rb6 Rb1 85. Rb5+
Kd4 86. b4 Rb2 87. Rb8 Kd5 88. b5 Ra2+ 89. Kb6 Rh2 90. Rc8 Kd6 91. Rd8+ Ke7 92.
Rd1 Rb2 93. Kc6 Rc2+ 94. Kb7 Rb2 95. b6 Rc2 96. Ka7 Ra2+ 97. Kb8 Rc2 98. b7 Rb2
99. Ra1 1-0

[Event "TCh-CHN 2015"]
[Site "China CHN"]
[Date "2015.10.28"]
[Round "16.5"]
[Board "2"]
[White "Xu, Yinglun"]
[Black "Wan, Yunguo"]
[Result "1-0"]
[BlackTitle "IM"]
[WhiteElo "2443"]
[BlackElo "2477"]
[WhiteTeam "Guangdong"]
[BlackTeam "Heibei"]
[WhiteFideId "8604940"]
[BlackFideId "8603189"]
[EventDate "2015.04.10"]

1. d4 Nf6 2. c4 e6 3. Nf3 b6 4. g3 Ba6 5. Nbd2 Bb4 6. Qc2 Bb7 7. Bg2 Be4 8. Qb3
Bxd2+ 9. Bxd2 O-O 10. O-O d6 11. Rfd1 Nbd7 12. Bh3 Qe7 13. Ne1 Bb7 14. f3 e5 15.
d5 e4 16. Nc2 Nc5 17. Qc3 b5 18. Nd4 bxc4 19. Nf5 Qe5 20. Qxe5 dxe5 21. Bb4 Nfd7
22. fxe4 Rfe8 23. Rac1 Ba6 24. d6 cxd6 25. Nxd6 Red8 26. Nxc4 Ne6 27. e3 Nf6 28.
Nxe5 Bb7 29. Rxd8+ Rxd8 30. Be7 Re8 31. Bxf6 gxf6 32. Nd7 Kg7 33. Bxe6 Rxe6 34.
Nc5 Rb6 35. Nxb7 Rxb7 36. b3 Re7 37. Rc4 Rd7 38. Ra4 Kg6 39. Kg2 Rd2+ 40. Kh3
Rd7 41. Kg4 h5+ 42. Kf3 Rd2 43. h4 Rd7 44. Ra6 Kg7 45. b4 1-0

[Event "TCh-CHN 2015"]
[Site "China CHN"]
[Date "2015.10.28"]
[Round "16.5"]
[Board "3"]
[White "Li, Shilong"]
[Black "Zhang, Ziji"]
[Result "0-1"]
[WhiteTitle "GM"]
[WhiteElo "2508"]
[BlackElo "2223"]
[WhiteTeam "Guangdong"]
[BlackTeam "Heibei"]
[WhiteFideId "8600678"]
[BlackFideId "8609470"]
[EventDate "2015.04.10"]

1. d4 d5 2. c4 c6 3. Nf3 Nf6 4. Nc3 dxc4 5. a4 Bf5 6. Ne5 e6 7. g3 c5 8. Bg2
cxd4 9. Bxb7 Qc7 10. Bxa8 Qxe5 11. Bf4 Qc5 12. Bxb8 dxc3 13. bxc3 Qc8 14. e4
Nxe4 15. Qb1 Nxc3 16. Qb2 a5 17. Bb7 Qd7 18. O-O Bb4 19. Bg2 O-O 20. Be5 Nxa4
21. Rxa4 Qxa4 22. Bxg7 Rc8 23. Qf6 Bg6 24. h4 Qb5 25. g4 h5 26. f4 Qc5+ 27. Kh2
Qe7 28. f5 Qxf6 29. Bxf6 Bh7 30. gxh5 Bxf5 31. Bb7 Rb8 32. Rg1+ Kf8 33. Bg2 c3
34. h6 c2 35. Be5 Rd8 36. Bh3 Rd2+ 37. Kh1 Be4+ 0-1

[Event "TCh-CHN 2015"]
[Site "China CHN"]
[Date "2015.10.28"]
[Round "16.5"]
[Board "4"]
[White "Zhai, Mo"]
[Black "Li, Xueyi"]
[Result "1/2-1/2"]
[WhiteTitle "WIM"]
[WhiteElo "2324"]
[BlackElo "2190"]
[WhiteTeam "Heibei"]
[BlackTeam "Guangdong"]
[WhiteFideId "8600201"]
[BlackFideId "8605912"]
[EventDate "2015.04.10"]

1. d4 d5 2. c4 e6 3. Nc3 c6 4. e4 dxe4 5. Nxe4 Bb4+ 6. Nc3 c5 7. a3 Ba5 8. Be3
Nf6 9. Nf3 O-O 10. Be2 cxd4 11. Nxd4 Bxc3+ 12. bxc3 e5 13. Nb5 Nbd7 14. Nxa7
Rxa7 15. Bxa7 b6 16. Qd6 Ne4 17. Qc6 Nxc3 18. Rc1 Nxe2 19. Kxe2 e4 20. Rhd1 Qh4
21. h3 Ne5 22. Qxb6 Nd3 23. Rc3 Be6 24. Kf1 Qh5 25. Rb1 Qe5 26. Qd4 Qh2 27. Qxe4
Qh1+ 28. Ke2 Qxb1 29. Qxd3 Qb7 30. Bc5 Rc8 31. Qd4 Qc6 32. Bd6 Bxc4+ 33. Kd2 Qb5
34. Bb4 f6 35. Kc1 Qa6 36. Kb2 Be6 37. Rxc8+ Qxc8 38. g4 h6 39. a4 Qa6 40. a5
Qe2+ 41. Bd2 Qb5+ 42. Bb4 Qe2+ 43. Kc3 Qe1+ 44. Kc2 Qe2+ 45. Bd2 Qb5 46. Qd8+
Kf7 47. Qc7+ Kg8 48. Qb6 Qc4+ 49. Kb2 Qa2+ 50. Kc3 Qc4+ 51. Kb2 Qa2+ 52. Kc3
Qc4+ 1/2-1/2

[Event "TCh-CHN 2015"]
[Site "China CHN"]
[Date "2015.10.28"]
[Round "16.5"]
[Board "5"]
[White "Wang, Doudou"]
[Black "Liu, Manli CHN"]
[Result "1/2-1/2"]
[WhiteTitle "WIM"]
[WhiteElo "2205"]
[BlackElo "2033"]
[WhiteTeam "Heibei"]
[BlackTeam "Guangdong"]
[WhiteFideId "8603197"]
[BlackFideId "8608121"]
[EventDate "2015.04.10"]

1. d4 Nf6 2. c4 e6 3. Nf3 d5 4. Nc3 Be7 5. Bg5 O-O 6. e3 h6 7. Bxf6 Bxf6 8. Qb3
c6 9. Bd3 Nd7 10. O-O dxc4 11. Bxc4 e5 12. Rfd1 exd4 13. Nxd4 Qc7 14. Ne4 Bxd4
15. Rxd4 Nb6 16. Be2 Be6 17. Qc2 Rad8 18. Rxd8 Rxd8 19. Nc5 Bc8 20. Rd1 Rxd1+
21. Qxd1 Qe7 22. Qd4 Nd5 23. Bf3 Nc7 24. b4 b6 25. Nd3 Ne6 26. Qc4 c5 27. h3 Bb7
28. Bxb7 Qxb7 29. bxc5 Nxc5 30. Nxc5 bxc5 1/2-1/2

[Event "TCh-CHN 2015"]
[Site "China CHN"]
[Date "2015.10.28"]
[Round "16.6"]
[Board "1"]
[White "Ma, Qun"]
[Black "Li, Di"]
[Result "1-0"]
[WhiteTitle "GM"]
[BlackTitle "FM"]
[WhiteElo "2609"]
[BlackElo "2277"]
[WhiteTeam "Tianjing"]
[BlackTeam "Chengdu"]
[WhiteFideId "8603154"]
[BlackFideId "8607508"]
[EventDate "2015.04.10"]

1. e4 e5 2. Nf3 Nc6 3. Bc4 Nf6 4. d3 Bc5 5. c3 d6 6. Bb3 h6 7. Nbd2 O-O 8. O-O
Bb6 9. Re1 Ne7 10. Nf1 Ng6 11. Ng3 c6 12. h3 d5 13. exd5 Nxd5 14. d4 exd4 15.
Nxd4 Ndf4 16. Qf3 Bc7 17. Bxf4 Nxf4 18. Rad1 Qg5 19. Ne4 Qg6 20. Kh1 a5 21. a4
h5 22. Ng3 Qg5 23. Bc2 g6 24. Ne4 Qh4 25. Kg1 Nd5 26. Bb3 Ra6 27. Bc4 Rb6 28. b3
Kg7 29. Ne2 Re8 30. N2g3 Re5 31. Nc5 Qe7 32. Nd3 Re6 33. b4 Qh4 34. bxa5 Qxc4
35. axb6 Nxb6 36. Rxe6 Bxe6 37. Ne2 Nxa4 38. Ndf4 Bc8 39. Qe3 Nc5 40. Qe7 Bxf4
41. Nxf4 Qxf4 42. Qxc5 Be6 43. Rd4 Qc1+ 44. Kh2 Bd5 45. c4 b5 46. Rxd5 cxd5 47.
Qd4+ Kf8 48. cxb5 Qc7+ 49. g3 Qb7 50. b6 Ke7 51. Qe5+ Kd7 52. Qf6 Kc8 53. Qd6
Qd7 54. b7+ Qxb7 55. Qf8+ Kc7 56. Qxf7+ Kc6 57. Qxg6+ Kc5 58. Qxh5 Kc4 59. Qe2+
Kc3 60. Qf3+ Kc4 61. h4 Qh7 62. Qe2+ Kc3 63. Qe1+ Kc4 64. Qc1+ Kb4 65. Qf4+ Kc3
66. Qf3+ Kc4 67. h5 Qh6 68. Qe2+ Kb4 69. Qg4+ Kc3 70. Qg6 Qf8 71. Qc6+ Kd4 72.
Kg2 Ke5 73. h6 Qf5 74. Qc7+ 1-0

[Event "TCh-CHN 2015"]
[Site "China CHN"]
[Date "2015.10.28"]
[Round "16.6"]
[Board "2"]
[White "Malakhov, Vladimir"]
[Black "Xu, Xiangyu CHN"]
[Result "1/2-1/2"]
[WhiteTitle "GM"]
[WhiteElo "2706"]
[BlackElo "2243"]
[WhiteTeam "Tianjing"]
[BlackTeam "Chengdu"]
[WhiteFideId "4120787"]
[BlackFideId "8608288"]
[EventDate "2015.04.10"]

1. e4 c5 2. Nf3 Nc6 3. Bb5 g6 4. Bxc6 dxc6 5. d3 Bg7 6. h3 Nf6 7. Nc3 Qc7 8. Be3
b6 9. Qd2 e5 10. Bh6 O-O 11. Nh2 Nh5 12. Ne2 Rd8 13. Bxg7 Kxg7 14. g4 Nf6 15.
Qc3 Qe7 16. f4 Nd7 17. g5 b5 18. b3 b4 19. Qb2 f6 20. gxf6+ Nxf6 21. O-O-O Re8
22. Nf3 exf4 23. Nxf4 Kg8 24. Rdf1 Nd7 25. h4 Qd6 26. Ne2 Ne5 27. h5 Nxf3 28.
Rxf3 Bg4 29. Rf6 Re6 30. Rxe6 Qxe6 31. hxg6 Qxg6 32. Ng3 Qg5+ 33. Kb1 Rf8 34.
Rg1 Qe3 35. Qc1 Qxc1+ 36. Kxc1 Kh8 37. Nf1 h5 38. Ne3 Rf4 39. Kd2 Rf2+ 40. Kc1
Rf4 41. Nxg4 hxg4 42. Kd2 Kg7 43. Ke3 Rf3+ 44. Ke2 Rf4 45. Rf1 Rxf1 46. Kxf1 Kf7
47. Ke2 Ke6 48. Kd2 Kf6 49. Ke1 Ke7 1/2-1/2

[Event "TCh-CHN 2015"]
[Site "China CHN"]
[Date "2015.10.28"]
[Round "16.6"]
[Board "3"]
[White "Wang, Yue"]
[Black "Liu, Guanchu"]
[Result "1-0"]
[WhiteTitle "GM"]
[BlackTitle "IM"]
[WhiteElo "2726"]
[BlackElo "2379"]
[WhiteTeam "Tianjing"]
[BlackTeam "Chengdu"]
[WhiteFideId "8601429"]
[BlackFideId "8603901"]
[EventDate "2015.04.10"]

1. d4 f5 2. Nc3 d5 3. Bg5 c6 4. e3 g6 5. Bd3 Bg7 6. h4 Nh6 7. Nce2 Nf7 8. c4
Nxg5 9. hxg5 e5 10. dxe5 Bxe5 11. Nf3 Bxb2 12. cxd5 Qxd5 13. Nf4 Qa5+ 14. Kf1
Nd7 15. Rb1 Bc3 16. Nd4 Ne5 17. Qb3 Bd7 18. Rxh7 Rxh7 19. Qg8+ Ke7 20. Qxh7+ Kd6
21. Rxb7 1-0

[Event "TCh-CHN 2015"]
[Site "China CHN"]
[Date "2015.10.28"]
[Round "16.6"]
[Board "4"]
[White "Li, Yunshan"]
[Black "Ni, Shiqun"]
[Result "1/2-1/2"]
[WhiteTitle "WFM"]
[BlackTitle "WIM"]
[WhiteElo "1916"]
[BlackElo "2315"]
[WhiteTeam "Chengdu"]
[BlackTeam "Tianjing"]
[WhiteFideId "8607664"]
[BlackFideId "8608466"]
[EventDate "2015.04.10"]

1. d4 Nf6 2. c4 e6 3. g3 c5 4. d5 exd5 5. cxd5 d6 6. Nc3 g6 7. Bg2 Bg7 8. Nf3
O-O 9. O-O Re8 10. Re1 a6 11. a4 Nbd7 12. Nd2 Rb8 13. a5 b5 14. axb6 Nxb6 15. e4
Ng4 16. Nf3 Nc4 17. h3 Nge5 18. Nxe5 Bxe5 19. Qc2 Qf6 20. Qa4 Bxh3 21. Qxc4 Bc8
22. Ra2 h5 23. f4 Bd4+ 24. Be3 h4 25. Bxd4 Qxd4+ 26. Qxd4 cxd4 27. Ne2 h3 28.
Bf3 f5 29. Nxd4 fxe4 30. Bxe4 Kg7 31. Nc2 Rb3 32. Kh2 Kf6 33. Raa1 Rxb2 34. Bd3
Rxe1 35. Rxe1 a5 36. Rc1 a4 37. Kh1 Bg4 38. Be4 Rb3 39. Kh2 Rb2 40. Kg1 Bf5 41.
Bxf5 Kxf5 42. Ne3+ Ke4 43. Nc4 Rg2+ 44. Kh1 Rxg3 45. Nxd6+ Kxd5 46. Nb5 a3 47.
Ra1 Ke4 48. Rxa3 Rxa3 49. Nxa3 Kxf4 1/2-1/2

[Event "TCh-CHN 2015"]
[Site "China CHN"]
[Date "2015.10.29"]
[Round "17.1"]
[Board "1"]
[White "Ma, Qun"]
[Black "Ma, Zhonghan"]
[Result "1-0"]
[WhiteTitle "GM"]
[BlackTitle "IM"]
[WhiteElo "2609"]
[BlackElo "2468"]
[WhiteTeam "Tianjing"]
[BlackTeam "Qingdao"]
[WhiteFideId "8603154"]
[BlackFideId "8607206"]
[EventDate "2015.04.10"]

1. e4 c5 2. Nf3 d6 3. Bb5+ Nd7 4. O-O Nf6 5. Re1 e6 6. c3 a6 7. Ba4 c4 8. Bc2
Ne5 9. Nxe5 dxe5 10. a4 Bd7 11. d3 cxd3 12. Bxd3 Bc6 13. Qe2 Be7 14. a5 O-O 15.
Be3 Nh5 16. g3 Nf6 17. Nd2 Nd7 18. f3 Qe8 19. Bf2 Kh8 20. b4 f5 21. Rab1 Bg5 22.
c4 Bxd2 23. Qxd2 fxe4 24. fxe4 Nf6 25. Bc5 Rg8 26. b5 Bd7 27. Rf1 Qg6 28. Bd6
Ng4 29. h3 Nh6 30. Kg2 Nf7 31. Bb4 Rgd8 32. Be7 Re8 33. Bc5 Rac8 34. Bb6 h6 35.
Rbd1 axb5 36. cxb5 Nd6 37. Bb1 Nxe4 38. Qe3 Bxb5 39. Bxe4 Bxf1+ 40. Rxf1 Qh5 41.
Bxb7 Rc2+ 42. Rf2 Qd1 43. Rxc2 Qxc2+ 44. Qf2 Qa4 45. a6 Qd7 46. Kh2 Kg8 47. Bg2 1-0

[Event "TCh-CHN 2015"]
[Site "China CHN"]
[Date "2015.10.29"]
[Round "17.1"]
[Board "2"]
[White "Wang, Yue"]
[Black "Fang, Yuxiang"]
[Result "1-0"]
[WhiteTitle "GM"]
[WhiteElo "2726"]
[BlackElo "2437"]
[WhiteTeam "Tianjing"]
[BlackTeam "Qingdao"]
[WhiteFideId "8601429"]
[BlackFideId "8605840"]
[EventDate "2015.04.10"]

1. d4 d5 2. c4 c6 3. Nf3 Nf6 4. Nc3 a6 5. c5 Bf5 6. Qb3 Qc8 7. Nh4 Be6 8. e3
Nbd7 9. Qc2 g6 10. Bd3 Bg7 11. b3 b6 12. cxb6 Nxb6 13. Ba3 Nbd7 14. h3 c5 15.
Nf3 O-O 16. O-O a5 17. Bb5 a4 18. Bxd7 Qxd7 19. Bxc5 1-0

[Event "TCh-CHN 2015"]
[Site "China CHN"]
[Date "2015.10.29"]
[Round "17.1"]
[Board "3"]
[White "Malakhov, Vladimir"]
[Black "Mu, Ke"]
[Result "1-0"]
[WhiteTitle "GM"]
[WhiteElo "2706"]
[BlackElo "2392"]
[WhiteTeam "Tianjing"]
[BlackTeam "Qingdao"]
[WhiteFideId "4120787"]
[BlackFideId "8602778"]
[EventDate "2015.04.10"]

1. e4 e6 2. d4 d5 3. Nd2 Nc6 4. Ngf3 Nf6 5. e5 Nd7 6. Nb3 a5 7. a4 Be7 8. h4 O-O
9. Bf4 f6 10. Qd2 Nb6 11. exf6 Bxf6 12. Bg5 Qe8 13. Bxf6 Rxf6 14. Ne5 Nd7 15. f4
Ncxe5 16. dxe5 Rf7 17. Bd3 Qf8 18. g3 c5 19. Bb5 c4 20. Bxd7 cxb3 21. Bb5 Bd7
22. Bd3 bxc2 23. Qxc2 Qb4+ 24. Ke2 Rc8 25. Qd2 Qb6 26. Rhc1 Rff8 27. Rxc8 Rxc8
28. Kf3 Kh8 29. Rc1 Rxc1 30. Qxc1 Qb3 31. Ke2 Bc6 32. Qc2 Qxa4 33. Qc5 Qb4 34.
Qxb4 axb4 35. f5 g6 36. fxg6 h5 37. Ke3 Kg7 38. Kf4 Kh6 39. g7 Kxg7 40. Kg5 Be8
41. Be2 d4 42. Bc4 Bg6 43. Bxe6 Bc2 44. Kf4 b6 45. Bd5 b3 46. Bf3 Kg6 47. e6 Kf6
48. Bxh5 Kxe6 49. Bf3 b5 50. g4 b4 51. g5 Kf7 52. h5 Kg7 53. h6+ Kf7 54. Bh5+
Kf8 55. g6 Kg8 56. g7 1-0